Budú prázdniny?

Bibliographic Details
Format: Article
Language:Slovak
Subjects:

MARC

LEADER 00000nab a2200000 a 4500
001 vtls001023420
003 SK-MaSNL
005 20260305033435.0
008 040720e19970130xo 0 slo
035 |a SL1998 
040 |a SLLK  |b slo  |c SLLK  |e AACR2 
041 0 |a slo 
044 |a xo  |c SK 
080 |a 614.4  |2 1981 
245 0 0 |a Budú prázdniny?  |c [autor] (Lúč-škn) 
650 0 7 |a chrípka  |2 SLLK  |9 2491 
650 0 7 |a epidemiológia  |2 SLLK  |9 836 
651 7 |a Stará Ľubovňa (Slovensko : okres)  |2 SLLK  |9 19196 
773 0 8 |t Lúč - Východoslovenské noviny  |g Roč. 6, č. 24 (30.1.1997), s. 1 
852 |a ZVYKNI  |b KIS3GCP 
999 |c 3324331  |d 3326261